পাঁচ বিদ্যাসাগর / (Record no. 28687)

MARC details
000 -LEADER
fixed length control field 00683nam a22001817a 4500
003 - CONTROL NUMBER IDENTIFIER
control field BDDh-ASL
005 - DATE AND TIME OF LATEST TRANSACTION
control field 20231016062619.0
008 - FIXED-LENGTH DATA ELEMENTS--GENERAL INFORMATION
fixed length control field 220429s2018 b ||||| |||| 00| 0 b d
040 ## - CATALOGING SOURCE
Transcribing agency BDDh-ASL
082 ## - DEWEY DECIMAL CLASSIFICATION NUMBER
Classification number 920.71
Item number ISP
100 1# - MAIN ENTRY--PERSONAL NAME
9 (RLIN) 6180
Personal name ইসলাম, মোহাম্মদ আশরাফুল
245 1# - TITLE STATEMENT
Title পাঁচ বিদ্যাসাগর /
246 ## - VARYING FORM OF TITLE
Title proper/short title Panch Biddasagar.
260 ## - PUBLICATION, DISTRIBUTION, ETC.
Place of publication, distribution, etc. ঢাকা:
Name of publisher, distributor, etc. কালান্তর প্রকাশনী,
Date of publication, distribution, etc. ২০১৮।
300 ## - PHYSICAL DESCRIPTION
Extent ১১২ পৃষ্ঠা:
Other physical details ছবি;
Dimensions ২২ সে.মি.
650 #0 - SUBJECT ADDED ENTRY--TOPICAL TERM
Topical term or geographic name entry element biographical dictionary - চরিতাভিধান
9 (RLIN) 4665
942 ## - ADDED ENTRY ELEMENTS (KOHA)
Source of classification or shelving scheme Dewey Decimal Classification
Koha item type Books
Holdings
Withdrawn status Lost status Source of classification or shelving scheme Damaged status Not for loan Collection code Home library Current library Shelving location Date acquired Source of acquisition Total Checkouts Full call number Barcode Date last seen Copy number Price effective from Koha item type
    Dewey Decimal Classification     Non-fiction Asiatic Society Library Asiatic Society Library Sirajul Islam Collection 04/29/2022 Donated by Prof. Sirajul Islam FRHS   920.71 ISP 116709 04/29/2022 C-1 04/29/2022 Books

Powered by Koha